[Event "Challenge"]
[Site "http://www.queenalice.com/game.php?id=1254169"]
[Date "2014.2.6"]
[Round "-"]
[White "Guilhermerocha"]
[Black "IgorMoura"]
[Result "1-0"]
[WhiteElo "1657"]
[BlackElo "1225"]

1. c4 e6 2. d4 g6 3. Nc3 b6 4. e4 Bg7 5. Nf3 Bb7 6. g3 f5 7. Bg5 Bf6 8. Bxf6
Nxf6 9. e5 Ng4 10. Be2 h5 11. O-O c5 12. d5 Na6 13. dxe6 dxe6 14. Qxd8+ Rxd8 15.
Ng5 Ke7 16. h3 Nxe5 17. Rfe1 Nb4 18. Bd1 Kf6 19. h4 Nbd3 20. Re2 Bc8 21. b3 f4
22. Bc2 fxg3 23. fxg3 Nb4 24. Nce4+ Ke7 25. a3 Nbc6 26. Rf1 Nd4 27. Ref2 Rhf8
28. Nc3 a5 29. Na4 b5 30. Nxc5 Nd7 31. Rf7+ Rxf7 32. Rxf7+ Ke8 33. Nxd7 Rxd7 34.
Bxg6 Rxf7 35. cxb5 Nxb5 36. b4 a4 37. Bxf7+ Kf8 38. Bxe6 Bxe6 39. Nxe6+ Kf7 40.
Nc5 Nc3 41. Kf2 Kf6 42. Kf3 Kf5 43. Nd3 Nb5 44. Nc5 Nc3 45. Ke3 Kg4 46. Ne4 Nb5
47. Kd3 Nxa3 48. Kc3 Nb5+ 49. Kc4 Nc7 50. Kc3 a3 51. Kb3 Nb5 52. Nc3 Nxc3 53.
Kxc3 Kxg3 54. b5 Kxh4 55. b6 Kg4 56. b7 a2 57. Kb2 a1=Q+ 58. Kxa1 Kf5 59. b8=Q
Ke4 60. Qh2 Kd4 61. Kb2 Ke3 62. Qh4 Kd3 63. Qf4 h4 64. Qxh4 Ke3 65. Kc2 Ke2 66.
Qh3 Ke1 67. Qe3+ Kf1 68. Kd2 Kg2 69. Ke2 Kh1 70. Kf2 Kh2 71. Qg3+ 1-0

[Event "Challenge"]
[Site "http://www.queenalice.com/game.php?id=1255775"]
[Date "2014.2.12"]
[Round "-"]
[White "Guilhermerocha"]
[Black "IgorMoura"]
[Result "1-0"]
[WhiteElo "1633"]
[BlackElo "1216"]

1. d4 e6 2. e4 b6 3. Nc3 a5 4. Bf4 g5 5. Be3 h6 6. Bc4 Nf6 7. e5 Ng4 8. Bd2 h5
9. h3 Nh6 10. Qxh5 Nc6 11. Bxg5 Ne7 12. Ne4 d5 13. exd6 cxd6 14. Nf6# 1-0

[Event "Challenge"]
[Site "http://www.queenalice.com/game.php?id=1255941"]
[Date "2014.2.12"]
[Round "-"]
[White "Oscar1961"]
[Black "IgorMoura"]
[Result "0-1"]
[WhiteElo "1178"]
[BlackElo "1221"]

1. Nf3 e6 2. Nc3 d5 3. e3 c6 4. Be2 g6 5. a3 Nf6 6. Bd3 b5 7. b4 Bd6 8. e4 dxe4
9. Bxe4 a6 10. d4 h5 11. a4 Bxb4 12. Bd2 Ng4 13. O-O f5 14. Bd3 Qd6 15. h3 Nh6
16. Ne2 a5 17. Bxh6 Rxh6 18. c3 Ba3 19. Qd2 Rh7 20. axb5 cxb5 21. Bxb5+ Bd7 22.
Ng5 Rg7 23. c4 Bxb5 24. cxb5 Bb4 25. Qc2 e5 26. Qc8+ Ke7 27. Nf3 exd4 28. Nfxd4
Qd5 29. Nf4 Qxd4 30. Qc7+ Kf6 31. Rad1 Qe5 32. Nd5+ Kg5 33. Qxe5 Rd7 34. Nf6
Rxd1 35. Rxd1 a4 36. Rd8 a3 37. Rh8 a2 38. g3 a1=Q+ 39. Qxa1 Rxa1+ 40. Kg2 Kxf6
41. b6 Nd7 42. b7 Bd6 43. Rd8 Ke7 44. f3 Kxd8 45. g4 Ra2+ 0-1

[Event "Challenge"]
[Site "http://www.queenalice.com/game.php?id=1255945"]
[Date "2014.2.13"]
[Round "-"]
[White "IgorMoura"]
[Black "Guilhermerocha"]
[Result "1/2-1/2"]
[WhiteElo "1232"]
[BlackElo "1667"]

1. e3 e5 2. d3 d5 3. g3 Nf6 4. Nc3 d4 5. Ne4 Nxe4 6. dxe4 c6 7. c3 Qa5 8. b4 Qb6
9. Qd2 c5 10. Ba3 Nc6 11. h4 cxb4 12. cxb4 Nxb4 13. Rb1 dxe3 14. fxe3 a5 15. Nf3
f6 16. Bh3 Nd3+ 17. Ke2 Qa6 18. Rb3 Nc5+ 19. Rd3 Nxd3 20. Qxd3 Qxd3+ 21. Kxd3
Bxa3 22. Nd2 Bxh3 23. Rxh3 O-O-O+ 24. Kc2 Rd3 25. Kxd3 Rd8+ 26. Kc2 Bb4 27. Nc4
b5 28. a3 Bc5 29. Nxa5 Bxa3 30. Rh1 Bb4 31. Nb3 Kc7 32. Rd1 Rc8 33. Rd5 Kb6+ 34.
Kb2 Be1 35. Rd6+ Rc6 36. Rd1 Bxg3 37. h5 Bf2 38. Rd7 Rc7 39. Rxc7 Kxc7 40. Nc5
Bxe3 41. Ne6+ Kc6 42. Nxg7 Kc5 43. Kb3 Kd4 44. Kb4 Kxe4 45. Kxb5 Kf4 46. Kc4 Kg5
47. Kd5 Bf4 48. Ke4 Kh6 49. Ne8 Kxh5 50. Nxf6+ Kg6 51. Nd7 h5 52. Nxe5+ Kg5 53.
Nd3 Bb8 54. Kf3 Kh4 55. Kg2 Kg4 56. Nf2+ Kh4 57. Ne4 Ba7 58. Ng3 Kg5 59. Kh3 h4
60. Nf1 Bf2 61. Nd2 Kf4 62. Nc4 Bg3 63. Nd2 Ke3 64. Nf1+ Kf3 65. Nd2+ Ke2 66.
Ne4 Kf3 67. Nd6 Kf4 68. Nc8 Ke5 69. Ne7 Ke6 70. Ng6 Kf5 71. Nxh4+ Bxh4 72. Kxh4
Ke5 73. Kg4 Kd6 74. Kf5 Kc5 75. Ke5 Kc4 76. Ke4 Kb4 77. Kd4 Kb5 78. Kd5 Kb4 79.
Kd4 Kb5 80. Kc3 Kc6 81. Kc4 Kd6 82. Kd4 Kc6 83. Ke5 Kc5 84. Ke4 Kd6 85. Kf5 Ke7
86. Kg6 Kd6 87. Kh7 Kc7 88. Kh8 1/2-1/2

[Event "Challenge"]
[Site "http://www.queenalice.com/game.php?id=1255946"]
[Date "2014.2.13"]
[Round "-"]
[White "Enzo1945"]
[Black "IgorMoura"]
[Result "1-0"]
[WhiteElo "1428"]
[BlackElo "1245"]

1. d4 e6 2. Bd2 d5 3. e3 c6 4. Nf3 g6 5. Bd3 Bh6 6. Nc3 f5 7. O-O Nf6 8. Ne5 b5
9. a3 Ng4 10. Qf3 Qh4 11. Qh3 Qxf2+ 12. Rxf2 Nd7 13. Nxc6 a5 14. Bxb5 Rb8 15.
Nxb8 Ke7 16. Rff1 Nb6 17. Nc6+ Kd6 18. Ne5 Ke7 19. Nc6+ Kf6 20. Ne5 Nc4 21. Bxc4
dxc4 22. Nb5 Ba6 23. Nd6 Nxe5 24. Qxh6 Nf7 25. Qh4+ g5 26. Qh5 Nxd6 27. e4 Nxe4
28. Be3 f4 29. Bd2 Nxd2 30. Qh6+ Kf5 31. Rad1 Ne4 32. g3 e5 33. Qxa6 exd4 34.
Qxa5+ Kg4 35. Qe5 fxg3 36. Qxh8 1-0

[Event "OS INCLIVEIS"]
[Site "http://www.queenalice.com/game.php?id=1255983"]
[Date "2014.2.13"]
[Round "-"]
[White "adelio"]
[Black "IgorMoura"]
[Result "1/2-1/2"]
[WhiteElo "1978"]
[BlackElo "1232"]

1. d4 e6 2. e4 d6 3. c4 g6 4. Nc3 b6 5. Nf3 c6 6. e5 d5 7. Ng5 h6 8. Nxf7 Kxf7
9. Bd3 h5 10. O-O c5 11. Qf3+ Ke8 12. Bxg6+ Kd7 13. Bxh5 cxd4 14. cxd5 Bb7 15.
Qf7+ Kc8 16. Qxe6+ Nd7 17. Bg4 dxc3 18. Qxd7+ Qxd7 19. Bxd7+ Kxd7 20. bxc3 Bxd5
21. Rd1 Ke6 22. f4 Bc5+ 23. Kh1 Nh6 24. c4 Bxc4 25. f5+ Nxf5 26. Bf4 Rag8 27.
Rd2 Bb4 28. Rf2 Bc5 29. Rd2 Rd8 30. Rad1 Ke7 31. Bg5+ Ke6 32. Bf4 Rdg8 33. Rc2
Ne3 34. Bxe3 Bxe3 35. Rxc4 Kxe5 36. Re1 Rf8 37. Rc2 Kd4 38. Rce2 Bg5 39. g3 a5
40. a4 Kd3 41. Ra2 Kc3 42. h4 Bd2 43. Rb1 Rf3 44. Kg2 Re3 45. Rd1 Re2+ 46. Kf3
Kd3 47. Ra3+ Kc2 48. Rda1 Re6 49. R1a2+ Kd1 50. Ra1+ Bc1 51. Rc3 Kd2 52. Raxc1
Rf8+ 53. Kg2 Ke2 54. R1c2+ Kd1 55. Rc1+ Kd2 56. R1c2+ Kd1 57. Rc1+ Kd2 58. R1c2+
Kd1 59. Rc1+ Kd2 1/2-1/2

[Event "Challenge"]
[Site "http://www.queenalice.com/game.php?id=1257295"]
[Date "2014.2.16"]
[Round "-"]
[White "Vivianna"]
[Black "IgorMoura"]
[Result "1-0"]
[WhiteElo "1298"]
[BlackElo "1213"]

1. d4 e6 2. Nf3 d5 3. Bf4 Nf6 4. e3 Ne4 5. Qe2 c6 6. Ne5 f6 7. f3 Ng5 8. h4 fxe5
9. Bxe5 Nf7 10. g3 b5 11. a3 Bd6 12. f4 Ba6 13. Nc3 b4 14. axb4 Bxb4 15. Bg2
Bxe2 16. Kxe2 1-0

[Event "Challenge"]
[Site "http://www.queenalice.com/game.php?id=1257834"]
[Date "2014.2.18"]
[Round "-"]
[White "IgorMoura"]
[Black "valterbastos"]
[Result "0-1"]
[WhiteElo "1217"]
[BlackElo "1525"]

1. e4 e5 2. d3 c5 3. Nf3 Qf6 4. Bg5 Qg6 5. h4 f6 6. h5 Qf7 7. Be3 g5 8. hxg6
Qxg6 9. c4 Nc6 10. Nh4 Qg7 11. Qh5+ Kd8 12. Nf5 Qg6 13. Qxg6 hxg6 14. Rxh8 gxf5
15. exf5 Nce7 16. Bxc5 Nxf5 17. Rxg8 d6 18. g4 dxc5 0-1

[Event "Challenge"]
[Site "http://www.queenalice.com/game.php?id=1259737"]
[Date "2014.2.25"]
[Round "-"]
[White "IgorMoura"]
[Black "adelio"]
[Result "0-1"]
[WhiteElo "1198"]
[BlackElo "1947"]

1. e4 e5 2. d3 Bc5 3. Nf3 Bxf2+ 4. Kxf2 d6 5. c4 h6 6. b3 Qf6 7. Nc3 Bg4 8. h3
Bxf3 9. gxf3 Ne7 10. Nb5 Na6 11. Bb2 c6 12. Na3 Nc7 13. Qd2 Ne6 14. Nc2 Qh4+ 15.
Kg1 Nf4 16. Ne3 g5 17. Nf5 Nxf5 18. exf5 Ke7 19. Re1 f6 20. d4 Rag8 21. dxe5
Qg3+ 0-1

[Event "Challenge"]
[Site "http://www.queenalice.com/game.php?id=1259831"]
[Date "2014.2.25"]
[Round "-"]
[White "Edmorf"]
[Black "IgorMoura"]
[Result "1-0"]
[WhiteElo "1477"]
[BlackElo "1232"]

1. e4 e5 2. g3 d6 3. d4 Nc6 4. Bg2 exd4 5. Nf3 Nf6 6. Nxd4 Qe7 7. O-O Nxe4 8.
Nc3 Ng5 9. Nxc6 bxc6 10. Bxc6+ Bd7 11. Bxa8 g6 12. Bg2 Bg7 13. Nd5 Qd8 14. Bxg5
Qxg5 15. Re1+ Be6 16. Nxc7+ Kd7 17. Nxe6 fxe6 18. Qd3 Bxb2 19. Rab1 Qf6 20. Bh3
Bc3 21. Rb7+ Kc6 22. Qb5# 1-0

[Event "Challenge"]
[Site "http://www.queenalice.com/game.php?id=1260161"]
[Date "2014.2.26"]
[Round "-"]
[White "IgorMoura"]
[Black "Edmorf"]
[Result "0-1"]
[WhiteElo "1227"]
[BlackElo "1604"]

1. e4 d5 2. f3 e5 3. d4 c6 4. dxe5 Qe7 5. Qd4 Nd7 6. f4 Nc5 7. b3 Nxe4 8. Bd3
Nc5 9. Ba3 Qc7 10. Bxc5 Bxc5 11. Qxc5 Be6 12. c4 Ne7 13. Nc3 O-O 14. f5 Qxe5+
15. Nge2 Bxf5 16. Bxf5 Nxf5 17. g4 Nh4 18. Qf2 Ng6 19. Rd1 Rae8 20. Qxa7 Qxc3+
21. Rd2 Nf4 22. Kd1 Rxe2 23. Rxe2 Qd3+ 24. Rd2 Qb1# 0-1

[Event "Challenge"]
[Site "http://www.queenalice.com/game.php?id=1260592"]
[Date "2014.2.28"]
[Round "-"]
[White "Oscar1961"]
[Black "IgorMoura"]
[Result "0-1"]
[WhiteElo "1174"]
[BlackElo "1226"]

1. Nf3 d6 2. h3 e5 3. e4 c5 4. c4 Nf6 5. Bd3 Nc6 6. a3 b6 7. Nh4 Nh5 8. Qxh5 g6
9. Qf3 Qxh4 10. b4 cxb4 11. g3 Qh5 12. axb4 Qxf3 13. Rg1 Qxd3 14. Ra3 Qxb1 15.
Ke2 Qxe4+ 16. Kf1 Bxh3+ 17. Rg2 Nd4 18. Re3 Qxg2+ 19. Ke1 Qf1# 0-1

[Event "Challenge"]
[Site "http://www.queenalice.com/game.php?id=1260676"]
[Date "2014.2.28"]
[Round "-"]
[White "Enzo1945"]
[Black "IgorMoura"]
[Result "1-0"]
[WhiteElo "1427"]
[BlackElo "1244"]

1. d4 d5 2. Nc3 e6 3. Nf3 c6 4. Bf4 Nf6 5. e3 Ne4 6. Nxe4 dxe4 7. Ng5 f6 8. Nxe4
e5 9. dxe5 fxe5 10. Bxe5 Qh4 11. Ng3 Nd7 12. Bd6 Qf6 13. Bc7 Qxb2 14. Bd3 Ne5
15. O-O Be6 16. f4 Nc4 17. Qe2 b5 18. Ne4 Qd4 19. exd4 Nb2 20. Nc5 Bxc5 21. dxc5
O-O 22. f5 Bc4 23. Bxc4+ Nxc4 24. Qe6+ Kh8 25. Qxc6 Rac8 26. Rae1 1-0

[Event "AUTO-OPEN-3206"]
[Site "http://www.queenalice.com/game.php?id=1262836"]
[Date "2014.3.6"]
[Round "1"]
[White "gerfferson"]
[Black "IgorMoura"]
[Result "1-0"]
[WhiteElo "1496"]
[BlackElo "1233"]

1. d4 d5 2. Nf3 c6 3. Bf4 e6 4. e3 Nf6 5. c4 Ne4 6. Bd3 Qb6 7. Qc2 c5 8. O-O Nc6
9. cxd5 exd5 10. dxc5 Bxc5 11. Bxe4 dxe4 12. Qxe4+ Ne7 13. Nbd2 Qxb2 14. Rfb1
Qxd2 15. Nxd2 1-0

[Event "AUTO-OPEN-3206"]
[Site "http://www.queenalice.com/game.php?id=1262837"]
[Date "2014.3.6"]
[Round "1"]
[White "IgorMoura"]
[Black "gerfferson"]
[Result "0-1"]
[WhiteElo "1227"]
[BlackElo "1501"]

1. e4 e6 2. d3 d5 3. f3 Nf6 4. Nc3 Bb4 5. a3 Bxc3+ 6. bxc3 c5 7. e5 Nfd7 8. f4
Nc6 9. c4 dxc4 10. dxc4 Qa5+ 11. Bd2 Qa4 12. Nf3 Nb6 13. c3 O-O 0-1

[Event "AUTO-OPEN-3206"]
[Site "http://www.queenalice.com/game.php?id=1262862"]
[Date "2014.3.6"]
[Round "1"]
[White "mauricio_sm"]
[Black "IgorMoura"]
[Result "1-0"]
[WhiteElo "1984"]
[BlackElo "1194"]

1. e4 Nf6 2. e5 Nd5 3. d4 e6 4. Nf3 c6 5. c4 Nb4 6. a3 N4a6 7. b4 d5 8. Be3 b5
9. cxb5 cxb5 10. Bxb5+ Bd7 11. Qa4 f6 12. Nc3 Qb6 13. O-O Be7 14. Rac1 Nc7 15.
Bxd7+ Nxd7 16. Ne2 a5 17. Qc2 1-0

[Event "AUTO-OPEN-3206"]
[Site "http://www.queenalice.com/game.php?id=1262863"]
[Date "2014.3.6"]
[Round "1"]
[White "IgorMoura"]
[Black "mauricio_sm"]
[Result "0-1"]
[WhiteElo "1196"]
[BlackElo "1982"]

1. e4 e5 2. d3 Nf6 3. Nf3 Nc6 4. Nbd2 d5 5. b3 Bb4 6. a3 Bc3 7. Ra2 Bg4 8. h3
Bh5 9. g4 Bg6 10. g5 Nh5 11. Bb2 Bxd2+ 12. Qxd2 dxe4 13. dxe4 Qxd2+ 14. Nxd2
O-O-O 0-1